| 000 | 00471ntaaa2200181 4500 | ||
|---|---|---|---|
| 003 | 01 | ||
| 005 | 20251027202530.0 | ||
| 008 | 0714s1973 ag 01 | ||
| 040 |
_aAR-BaBN _bspa _cAR-BaBN _eaacr _dRIC |
||
| 082 | _a372.2100 M31 | ||
| 100 |
_aMancuello, Lidia (de Font) _924328 |
||
| 245 | _aJardin de infantes en la iglesia. | ||
| 250 | _a1 ed. | ||
| 260 |
_aBuenos Aires : _bSeminario Teologico Bautista, _c1956 |
||
| 300 | _a31 p. | ||
| 500 | _aMonografia | ||
| 942 | _cBK | ||
| 999 |
_c20369 _d20369 |
||